Statistiques concernant Pays par footballeur par image (version facile)

Cliquez ici pour prendre le quiz!

Statistiques générales

  • Ce quiz a été pris 400 fois
  • Le résultat moyen est 15 sur 16

Statistiques - réponses

Réponse% Correct
Corée du Sud
98%
Croatie
98%
France
98%
Allemagne
97%
Angleterre
97%
Brésil
97%
Espagne
97%
Italie
97%
Belgique
96%
Pays-Bas
95%
Angleterre
93%
Italie
93%
Brésil
92%
Sénégal
92%
Allemagne
89%
Espagne
85%

Distribution des résultats

Percentile par nombre de réponses

% des personnes avec chaque résultat

Votre développement - résultats

Vous n’avez pas pris ce quiz